Planificación y control en la nueva economía.

Este trabajo analiza y discute la problemática que enfrentan las empresas en el nuevo entorno nacido en los últimos años del siglo pasado, en relación a la planificación y el control.\Se parte con una caracterización de ese nuevo entorno y se argumenta para mostrar que el enfoque tradicional de plan...

Full description

Bibliographic Details
Main Author: Limone Aravena, Aquiles
Format: Libro
Language:English
Published: Nueva York The International Society of Clinical Psychology 2002

MARC

LEADER 00000cam a2200000 a 4500
001 035003
003 UAHC_CL
005 20170803123818.0
008 011024b xx j 000 1 eng
040 |a UAHC_CL  |c UAHC_CL  |d UAHC_CL 
100 1 |a Limone Aravena, Aquiles 
245 1 0 |a Planificación y control en la nueva economía. 
260 |a Nueva York  |b The International Society of Clinical Psychology  |c 2002 
520 |a Este trabajo analiza y discute la problemática que enfrentan las empresas en el nuevo entorno nacido en los últimos años del siglo pasado, en relación a la planificación y el control.\Se parte con una caracterización de ese nuevo entorno y se argumenta para mostrar que el enfoque tradicional de planificación y control resulta impotente e inadecuado frente a estas características.\Para una mayor claridad en la comprensión de este desajuste, se hacen precisiones, basadas en la perspectiva sistemo-cibernetica, acerca de ambos conceptos y también sobre los métodos que se has venido empleando en su aplicación.\Mas adelante se describes las características estructurales de las e-organizaciones así como su dinámica operacional para analizar como, tanto esas características así como la tecnología informatices que esta en la base de su surgimiento, facilitan y a la vez, generan nuevos problemas en el diseño e implantación de métodos y enfoques de planificación y control.\\Todo lo anterior se realiza desde la perspectiva de que la nueva era que comenzamos es, mucho mas que una era de la información, una era del conocimiento. Y que la comprensión de este ultimo aspecto clave resulta crucial para la supervivencia y éxito de las empresas en el futuro que estamos creando. 
900 |a JOURNAL OF CLINICAL PSYCHOLOGY-8/02 
942 |c BK 
999 |c 35003  |d 35003